000 00771nam a2200253Ia 4500
000 nam a22 i 4500
001 UNACH-8322
007 ta
008 221212s ||||fr|||| 00| | spa d
020 _a978-6-07-171703-0
041 0 _aspa
082 0 4 _a370.15
_bPsicologia Educativa
100 1 _aCarrillo Tamayo, Omar Armando,
_eautor
245 1 0 _aEl desarrollo psicológico en la práctica educativa.
264 3 1 _a[Buenos Aires] :
_aArgentina :
_bEditorial trillas,
_c2013
300 _a198 páginas :
_bilustraciones y tablas
336 _atexto
_btxt
_2rdacontent
337 _ano mediado
_bn
_2rdamedia
338 _avolumen
_bnc
_2rdacarrier
504 _aIncluye: indice analítico.
653 0 _aPsicología Educativa
942 _2ddc
_c1
_n0
999 _c6771
_d6771